Personálne stratégia Ústavného súdu SR bakalárska práca

Gespeichert in:
Bibliographische Detailangaben
1. Verfasser: Kimlerová, Natália
Körperschaft: Podnikovohospodárska fakulta EU so sídlom v Košiciach. Katedra obchodného podnikania
Weitere Verfasser: Mihalčová, Bohuslava, 1963-
Format: Buch
Sprache:Slowakisch
Veröffentlicht: Košice 2016
Tags: Tag hinzufügen
Keine Tags, Fügen Sie das erste Tag hinzu!

MARC

LEADER 00000nbm a2200000 4500
001 0217714
005 20161219092209.7
041 0 |a slo 
044 |a SK 
245 1 0 |a Personálne stratégia Ústavného súdu SR  |b bakalárska práca  |c Natália Kimlerová ; školiteľ: Bohuslava Mihalčová 
264 1 |a Košice  |c 2016 
300 |a 51 s. 
100 1 |a Kimlerová, Natália 
700 1 |a Mihalčová, Bohuslava, 1963- 
710 2 |a Podnikovohospodárska fakulta EU so sídlom v Košiciach. Katedra obchodného podnikania